| 000 | 00999nam a2200277Ia 4500 | ||
|---|---|---|---|
| 003 | OSt | ||
| 005 | 20220923211217.0 | ||
| 006 | a|||||r|||| 00| 0 | ||
| 007 | ta | ||
| 008 | 220922b |||||||| |||| 00| 0 hin d | ||
| 020 |
_a9788126712403 (hbk) _c300 |
||
| 024 | _a317,778 | ||
| 037 |
_b9354, 27/03/2017, Rajkamal Prakashan Pvt. Ltd _cTextual |
||
| 040 |
_aARTS _cARTS _bhin |
||
| 041 |
_2hin _ahin |
||
| 082 | _aO152,3N37x, Q7 | ||
| 100 |
_aकाशीनाथ सिंह, ले. _9159717 |
||
| 245 | 0 | _aघर का जोगी जोगड़ा | |
| 246 | _aGhar kā jogī jogaड़ā | ||
| 250 | _aसंस्करण 3 | ||
| 260 |
_aनयी दिल्ली _b राजकमल प्रकाशन _c2017 |
||
| 300 |
_a134पृ. _ccm. |
||
| 650 | _aहिन्दी कहानी | ||
| 942 |
_hO152,3N37x, Q7 _cTEXL _2CC |
||
| 999 |
_c296965 _d296965 |
||